[Event "AUTO-ADV-2274"]
[Site "http://www.queenalice.com/game.php?id=983704"]
[Date "2011.9.10"]
[Round "1"]
[White "jepoy100"]
[Black "tatianamilu"]
[Result "1-0"]
[WhiteElo "1982"]
[BlackElo "2029"]

1. e4 e5 2. Bc4 Nc6 3. Nf3 h6 4. O-O d6 5. h3 Nf6 6. Nc3 Be7 7. d3 O-O 8. Be3
Be6 9. Bb3 Na5 10. Ba4 Nc6 11. Nh2 Nh7 12. f4 f5 13. fxe5 Nxe5 14. Bb3 Bxb3 15.
axb3 a6 16. exf5 Bg5 17. Qd2 c6 18. Ne4 Bxe3+ 19. Qxe3 Nf6 20. Rae1 Nxe4 21.
Qxe4 Qg5 22. d4 Nf7 23. Ng4 Rae8 24. Qxe8 h5 25. Qe3 hxg4 26. Qxg5 Nxg5 27. hxg4
Kf7 28. Re3 d5 29. Rfe1 Ne4 30. Rxe4 dxe4 31. Rxe4 Re8 32. Rxe8 Kxe8 33. Kf2 Kf7
34. Kf3 g6 35. Kf4 a5 36. g3 Kf6 37. g5+ Ke7 38. fxg6 Kf8 39. Kf5 Kg7 40. c4 b6
41. g4 1-0

[Event "AUTO-ADV-2274"]
[Site "http://www.queenalice.com/game.php?id=983705"]
[Date "2011.9.10"]
[Round "1"]
[White "tatianamilu"]
[Black "luizpessoa"]
[Result "1/2-1/2"]
[WhiteElo "2037"]
[BlackElo "1843"]

1. d4 b6 2. c3 Bb7 3. Nd2 Bd5 4. e4 Be6 5. f4 d5 6. f5 Bc8 7. e5 Bxf5 8. Ngf3 e6
9. Be2 h6 10. O-O Be7 11. Bb5+ c6 12. Be2 Bg5 13. Nxg5 hxg5 14. Bg4 Nh6 15. Bxf5
Nxf5 16. Nf3 f6 17. exf6 gxf6 18. Qe2 Qe7 19. Qf2 Qh7 20. g3 Ke7 21. b3 Nd7 22.
Ba3+ Kf7 23. Rae1 g4 24. Nd2 Rag8 25. Re2 Rg5 26. Qf4 e5 27. dxe5 Nxe5 28. Rff2
Nd3 29. Qc7+ Kg6 30. Qxh7+ Rxh7 31. Rg2 Ne5 32. Nf1 Rgh5 33. Bc1 c5 34. Bf4 Nd3
35. Bb8 d4 36. cxd4 Nxd4 37. Nd2 Nxe2+ 38. Rxe2 Rd5 39. Ne4 Re7 40. Kf1 Rd4 41.
Nc3 Rxe2 42. Kxe2 Ne5 43. Bxa7 Nd7 44. Nb5 Re4+ 45. Kf2 Re7 46. Nc3 Re8 47. Nd5
Ra8 48. Bxb6 Nxb6 49. Nxb6 Rxa2+ 50. Kg1 Rc2 51. Nd7 Rc3 52. Kg2 Rxb3 53. Nxc5
Rb2+ 54. Kg1 Rc2 55. Ne6 f5 56. Nf4+ Kf6 57. h3 gxh3 58. Nxh3 Ke5 59. Nf4 Ke4
60. Ne6 Ra2 61. Ng5+ Ke3 62. Ne6 Ra4 63. Kh2 Rg4 64. Kg2 Rg8 65. Nf4 Rd8 66. Ng6
Rd2+ 67. Kh3 Rf2 68. Kh4 Rh2+ 69. Kg5 Ke4 70. Nh4 Rf2 71. Kf6 f4 72. gxf4 Rxf4+
73. Kg5 Ke5 74. Ng6+ Ke4 75. Nxf4 Kd4 76. Ng6 1/2-1/2

[Event "AUTO-ADV-2274"]
[Site "http://www.queenalice.com/game.php?id=983706"]
[Date "2011.9.10"]
[Round "1"]
[White "luizpessoa"]
[Black "tatianamilu"]
[Result "0-1"]
[WhiteElo "1836"]
[BlackElo "2024"]

1. d4 d5 2. Bf4 Nf6 3. e3 c6 4. Bd3 e6 5. Nc3 Bd6 6. Bxd6 Qxd6 7. Nf3 O-O 8. h3
Nbd7 9. a3 h6 10. b4 e5 11. dxe5 Nxe5 12. O-O Nh7 13. Bxh7+ Kxh7 14. Nxe5 Qxe5
15. Ne2 Qg5 16. Ng3 Be6 17. Qd3+ Kg8 18. e4 Rad8 19. Qe3 dxe4 20. Nxe4 Qg6 21.
Nc5 Bd5 22. f3 b6 23. Nd3 Rfe8 24. Qf2 Bc4 25. Nf4 Qf5 26. Nd3 Bxd3 27. cxd3
Rxd3 28. a4 Rb3 29. Qd2 c5 30. bxc5 Qxc5+ 31. Kh1 Qc3 32. Qxc3 Rxc3 33. a5 bxa5
34. Rxa5 Re7 35. Rf2 f6 36. Rfa2 Rcc7 37. Kh2 Kf7 38. g4 Rb7 39. Kg3 g5 40. h4
Kf8 41. h5 Kf7 42. R5a3 Kg7 43. Rf2 Rb8 44. f4 Ra8 45. f5 a5 46. Rd2 Rb7 47. Rd5
Rba7 48. Ra4 Kf7 49. Kf3 Ke7 50. Rb5 Ra6 51. Rb7+ Kd6 52. Rh7 Kc5 53. Rxh6 Kb5
54. Ra1 a4 55. Rh7 a3 56. Rb7+ Kc6 57. Rbb1 a2 58. Rh1 Ra3+ 59. Ke2 Rg3 60. h6
Rg2+ 61. Kf3 Rc2 62. Rhe1 Rh2 63. Re6+ Kd5 64. Rd1+ Kc5 65. Rc1+ Kb5 66. Rxf6
a1=Q 67. Rxa1 Rxa1 68. Rg6 Ra3+ 69. Ke4 Kc5 70. Rxg5 Rxh6 71. f6+ Kd6 72. f7 Ke7
73. Rf5 Kf8 74. g5 Rg6 75. Kf4 Ra7 76. Kg4 Rxf7 77. Rxf7+ Kxf7 0-1

[Event "Challenge"]
[Site "http://www.queenalice.com/game.php?id=986915"]
[Date "2011.9.18"]
[Round "-"]
[White "albemo"]
[Black "tatianamilu"]
[Result "0-1"]
[WhiteElo "1847"]
[BlackElo "2027"]

1. d4 d5 2. Nc3 c6 3. Nf3 e6 4. Bf4 Nf6 5. h3 Bd6 6. Qd2 h6 7. Bxd6 Qxd6 8. e4
dxe4 9. Ne5 Nbd7 10. Nxd7 Qxd7 11. O-O-O O-O 12. Re1 b5 13. Nxe4 Nd5 14. g4 f5
15. Nc5 Qf7 16. g5 h5 17. h4 g6 18. Re5 a5 19. Bg2 Ra7 20. Rhe1 a4 21. Bxd5 cxd5
22. Nxe6 Bxe6 23. Rxe6 Qg7 24. R1e5 Rff7 25. Rxd5 Rad7 26. Rxd7 Rxd7 27. c3 Kh7
28. d5 Qf8 29. Qd4 b4 30. c4 Qb8 31. d6 b3 32. a3 Qb7 33. c5 Qh1+ 34. Qd1 Qxh4
35. c6 Qc4+ 36. Kb1 Qxc6 37. Qc1 Qd5 38. Qe1 Rg7 39. f4 Qc4 40. Ka1 Qxf4 41. d7
Qd4 42. Re7 Qd6 43. Rxg7+ Kxg7 44. Qc3+ Kh7 45. Qe1 Qxd7 46. Kb1 f4 47. Qe2 f3
48. Qxf3 Qf5+ 0-1

[Event "AUTO-ADV-2258"]
[Site "http://www.queenalice.com/game.php?id=1005713"]
[Date "2011.11.6"]
[Round "2"]
[White "tatianamilu"]
[Black "Narutos"]
[Result "1-0"]
[WhiteElo "2011"]
[BlackElo "2005"]

1. d4 d5 2. c3 Nf6 3. f4 e6 4. Nf3 Be7 5. e3 O-O 6. Be2 c5 7. O-O b6 8. Bd3 Bb7
9. Qe2 Nbd7 10. Nbd2 c4 11. Bb1 Bd6 12. Ne5 Ne8 13. Nxd7 Qxd7 14. Nf3 Nf6 15.
Ne5 Ne4 16. Nxd7 1-0

[Event "AUTO-OPEN-2636"]
[Site "http://www.queenalice.com/game.php?id=1040329"]
[Date "2012.3.18"]
[Round "1"]
[White "Jedi_knight"]
[Black "tatianamilu"]
[Result "0-1"]
[WhiteElo "1770"]
[BlackElo "2047"]

1. e4 e5 2. Nc3 Nc6 3. Nf3 d6 4. Bc4 h6 5. a3 Nf6 6. d3 Bg4 7. O-O Nd4 8. b4
Bxf3 9. gxf3 Nh5 10. f4 Nxf4 11. Bxf4 exf4 12. Nd5 Ne6 13. Qh5 Qd7 14. Qf5 O-O-O
15. Nxf4 Nxf4 16. Qxf4 f6 17. Qf5 Qxf5 18. exf5 d5 19. Bb3 c6 20. h4 Bd6 21.
Rfe1 Be5 22. Rad1 Bb2 23. a4 Bc3 24. Re7 Rd7 25. Rxd7 Kxd7 26. b5 Re8 27. Kf1
Re5 28. bxc6+ bxc6 29. Kg2 Rxf5 30. d4 Rf4 31. Kg3 Rxd4 32. Rxd4 Bxd4 33. Kf4
Bxf2 34. h5 a5 35. Kf5 Kd6 36. Kg6 Be3 37. Kxg7 Bg5 38. Kg6 Ke5 39. c4 d4 40.
Bc2 Kd6 41. Kf5 Kc5 42. Bd3 Kb4 43. Ke4 c5 44. Kd5 Bh4 45. Be2 Bg3 46. Bd3 Be5
47. Be4 Kxa4 48. Kxc5 Kb3 49. Kb6 Kxc4 50. Kxa5 Kc3 51. Kb5 d3 52. Kc5 d2 53.
Bf3 Kc2 54. Kd5 Bf4 55. Ke6 Bg5 56. Kf5 d1=Q 57. Bxd1+ Kxd1 58. Kg4 Kd2 59. Kf5
Ke3 60. Kg4 Ke4 61. Kg3 f5 62. Kh3 f4 63. Kg2 Ke3 64. Kf1 Bh4 65. Kg2 Ke2 66.
Kg1 f3 67. Kh1 f2 68. Kh2 Bg5 69. Kg3 f1=Q 70. Kh2 Bf4# 0-1

[Event "AUTO-OPEN-2636"]
[Site "http://www.queenalice.com/game.php?id=1040330"]
[Date "2012.3.18"]
[Round "1"]
[White "tatianamilu"]
[Black "Jedi_knight"]
[Result "1-0"]
[WhiteElo "2038"]
[BlackElo "1769"]

1. d4 d5 2. c3 Nf6 3. f4 Ne4 4. Nf3 f6 5. e3 e6 6. Bd3 Nc6 7. Nbd2 Nxd2 8. Bxd2
Bd6 9. O-O e5 10. fxe5 fxe5 11. dxe5 Nxe5 12. Nxe5 Qh4 13. Be1 Qh6 14. Bg3 Qxe3+
15. Kh1 Bxe5 16. Bxe5 c6 17. Re1 Qxe1+ 18. Qxe1 Bd7 19. Bxg7+ Kf7 20. Bxh8 Rxh8
21. Qe3 Re8 22. Rf1+ Kg7 23. Qg5+ Kh8 24. Bxh7 b5 25. h3 a5 26. Rf7 Be6 27. Qg7#
1-0

[Event "AUTO-OPEN-2636"]
[Site "http://www.queenalice.com/game.php?id=1040351"]
[Date "2012.3.18"]
[Round "1"]
[White "Sportolna"]
[Black "tatianamilu"]
[Result "0-1"]
[WhiteElo "1635"]
[BlackElo "2045"]

1. e4 e5 2. Bc4 Nc6 3. Nf3 h6 4. O-O Nf6 5. Re1 d6 6. d4 exd4 7. Nxd4 Be7 8.
Nxc6 bxc6 9. c3 O-O 10. Re3 d5 11. exd5 cxd5 12. Bb3 c6 13. Rg3 Ne4 14. Re3 Bc5
15. Re2 Bg4 16. Be3 Bxe3 17. fxe3 Bxe2 18. Qxe2 a5 19. Qd3 a4 20. Bd1 Qh4 21.
Qe2 f5 22. g3 Qg5 23. Qg2 Qxe3+ 24. Kf1 Rf6 25. Bf3 f4 26. g4 Qc1+ 27. Ke2 Qxb2+
0-1

[Event "AUTO-OPEN-2636"]
[Site "http://www.queenalice.com/game.php?id=1040352"]
[Date "2012.3.18"]
[Round "1"]
[White "tatianamilu"]
[Black "Sportolna"]
[Result "1-0"]
[WhiteElo "2043"]
[BlackElo "1649"]

1. d4 d5 2. c3 Nf6 3. f4 Bf5 4. Nf3 Bxb1 5. Rxb1 e6 6. e3 Bd6 7. Bd3 h6 8. O-O
c6 9. Bd2 Qb6 10. Ne5 c5 11. Qf3 c4 12. Bc2 Nc6 13. Be1 O-O 14. Bh4 Be7 15. Bxf6
Qc7 16. Bxe7 Nxe7 17. Qg4 a5 18. Rf3 g6 19. Rg3 f5 20. Qh4 Kh7 21. Rh3 h5 22.
Nf3 Kg7 23. Ng5 Ra6 24. Qg3 a4 25. a3 Qd7 26. Nf3 Qd6 27. Rxh5 1-0

[Event "AUTO-OPEN-2636"]
[Site "http://www.queenalice.com/game.php?id=1040365"]
[Date "2012.3.18"]
[Round "1"]
[White "tatianamilu"]
[Black "razoman"]
[Result "1-0"]
[WhiteElo "2062"]
[BlackElo "1885"]

1. d4 e6 2. c3 d5 3. Nf3 Nd7 4. e3 c5 5. Bd3 Ngf6 6. Nbd2 c4 7. Bb1 b5 8. O-O a5
9. e4 dxe4 10. Ne5 Bb7 11. Qe2 Bd6 12. Nxd7 Qxd7 13. Nxe4 Nxe4 14. Bxe4 Bxe4 15.
Qxe4 O-O 16. Qg4 Kh8 17. f4 f5 18. Qf3 Rad8 19. Bd2 b4 20. Qe2 Rf6 21. Qxc4 Rc8
22. Qe2 Qc6 23. cxb4 axb4 24. Rac1 Qa8 25. Rxc8+ Qxc8 26. Qb5 Qa8 27. Bxb4 Rg6
28. g3 Bxb4 29. Qxb4 h5 30. Qb3 h4 31. Rf3 h3 32. a3 Qe4 33. Qd3 Qb7 34. Rf2 Qc6
35. Rc2 Qd6 36. Qe3 Qd5 37. b4 Qb5 38. Rc5 Qa4 39. Qf3 Kh7 40. d5 exd5 41. Qh5+
Rh6 42. Qxf5+ Rg6 43. Qxh3+ Rh6 44. Qf5+ Rg6 45. Rxd5 Qa7+ 46. Kg2 Qa6 47. Qd3
Qa8 48. Qe4 Qc6 49. Rh5+ Kg8 50. Qxc6 Rxc6 51. Ra5 Rc2+ 52. Kh3 Kh7 53. a4 Rb2
54. b5 Rb3 55. Ra6 Rb4 56. b6 Rb3 57. a5 Rb5 58. Ra7 Kg6 59. b7 Rh5+ 60. Kg2 Rb5
61. a6 Rb2+ 62. Kh3 Rb3 63. Ra8 1-0

[Event "AUTO-OPEN-2636"]
[Site "http://www.queenalice.com/game.php?id=1040366"]
[Date "2012.3.18"]
[Round "1"]
[White "razoman"]
[Black "tatianamilu"]
[Result "0-1"]
[WhiteElo "1864"]
[BlackElo "2052"]

1. c4 e5 2. Nc3 Nc6 3. g3 Nf6 4. Bg2 d6 5. d3 h6 6. Nf3 Be7 7. O-O O-O 8. e4 Nh7
9. Nd5 Bd7 10. Nxe7+ Qxe7 11. b3 Bg4 12. h3 Be6 13. Re1 Nd4 14. Nxd4 exd4 15. f4
f6 16. f5 Bc8 17. Qg4 Ng5 18. h4 Nf7 19. Bf4 Ne5 20. Bxe5 dxe5 21. a3 Bd7 22. b4
Ba4 23. Qe2 Kh7 24. h5 Qf7 25. g4 Rfd8 26. Qd2 a6 27. Kh2 Rab8 28. Bf3 Qd7 29.
Bd1 b6 30. Bxa4 Qxa4 31. Kg3 c5 32. Reb1 Qc6 33. b5 axb5 34. Rxb5 Ra8 35. Qb2
Ra6 36. Rb1 Rda8 37. Rxb6 Rxb6 38. Qxb6 Qxb6 39. Rxb6 Rxa3 40. Rb5 Rxd3+ 41. Kf2
Re3 42. Rxc5 Rxe4 43. Kf3 Re3+ 44. Kf2 Kg8 45. Rc7 Rc3 46. c5 Kf8 47. c6 Rc4 48.
Ke2 Rc3 49. Rc8+ Ke7 50. Rc7+ Kd6 51. Rxg7 Rxc6 52. Rg6 Kd5 53. Rxh6 Ke4 54. Rg6
d3+ 55. Kd1 Ke3 56. h6 d2 57. Rxf6 Rc1# 0-1

[Event "Challenge"]
[Site "http://www.queenalice.com/game.php?id=1058173"]
[Date "2012.5.10"]
[Round "-"]
[White "coordisaac"]
[Black "tatianamilu"]
[Result "0-1"]
[WhiteElo "1774"]
[BlackElo "2071"]

1. e4 e5 2. d4 exd4 3. c3 dxc3 4. Bc4 cxb2 5. Bxb2 d6 6. Nf3 Be6 7. Qb3 Bxc4 8.
Qxc4 Nc6 9. O-O f6 10. Nbd2 Qd7 11. Rad1 Nh6 12. Nb3 b6 13. Rfe1 Nf7 14. Nh4
Nfe5 15. Qd5 Rd8 16. f4 Nb4 17. Qd2 Ned3 18. Rf1 Nxb2 19. Qxb2 Nc6 20. e5 fxe5
21. fxe5 Nxe5 22. Qe2 Qg4 23. Nf3 Be7 24. Rd4 Qh5 25. Qe4 O-O 26. Rd5 Bf6 27.
Nbd4 Qe8 28. Nf5 Nxf3+ 29. Qxf3 c6 30. Qg3 cxd5 31. h3 Qe4 32. Kh1 Kh8 33. Nxd6
Qg6 0-1

[Event "Challenge"]
[Site "http://www.queenalice.com/game.php?id=1060162"]
[Date "2012.5.16"]
[Round "-"]
[White "CaroLuigi"]
[Black "tatianamilu"]
[Result "0-1"]
[WhiteElo "1518"]
[BlackElo "2075"]

1. d4 d5 2. c4 e6 3. Nf3 c6 4. Nc3 Nf6 5. e3 Nbd7 6. Bd3 Be7 7. O-O O-O 8. b3 a6
9. Bb2 h6 10. Re1 Bb4 11. a3 Bd6 12. e4 dxe4 13. Nxe4 Nxe4 14. Bxe4 Nf6 15. Bc2
Nh7 16. Qd3 f5 17. Rad1 Nf6 18. c5 Bb8 19. Qc4 Nd5 20. Ne5 Kh7 21. Qe2 Bc7 22.
Bc1 Nc3 23. Qh5 Nxd1 24. Qg6+ Kg8 25. Bxh6 Qf6 26. Qxf6 Rxf6 27. Bg5 Bxe5 28.
dxe5 Rg6 29. Bd2 Nxf2 30. Kxf2 Rg4 0-1

[Event "Challenge"]
[Site "http://www.queenalice.com/game.php?id=1061390"]
[Date "2012.5.19"]
[Round "-"]
[White "JD"]
[Black "tatianamilu"]
[Result "0-1"]
[WhiteElo "1521"]
[BlackElo "2060"]

1. Nf3 d5 2. e3 c6 3. h3 Nf6 4. a3 e6 5. g4 h6 6. d4 Nbd7 7. b4 a6 8. c3 Ne4 9.
Bg2 Bd6 10. Nfd2 Ndf6 11. Bxe4 dxe4 0-1

[Event "Challenge"]
[Site "http://www.queenalice.com/game.php?id=1072546"]
[Date "2012.6.15"]
[Round "-"]
[White "jovelino"]
[Black "tatianamilu"]
[Result "1-0"]
[WhiteElo "2234"]
[BlackElo "2077"]

1. e4 e5 2. Nf3 Nc6 3. Bb5 d6 4. d4 exd4 5. Nxd4 Bd7 6. Nxc6 bxc6 7. Bd3 Nf6 8.
O-O Be7 9. f4 O-O 10. Nc3 Qb8 11. f5 c5 12. Rf3 Bc6 13. Rh3 Re8 14. Rb1 Qb7 15.
Bg5 Nxe4 16. Bxe7 Rxe7 17. Nxe4 Bxe4 18. Qh5 h6 19. f6 Re5 20. Qg4 Rg5 21. Qxe4
Qxe4 22. Bxe4 Re8 23. Bf3 Rb8 24. fxg7 Kxg7 25. b3 Rb6 26. Rf1 d5 27. Be2 Re6
28. Bh5 f5 29. Bf3 Re5 30. Kf2 1-0

[Event "Challenge"]
[Site "http://www.queenalice.com/game.php?id=1072547"]
[Date "2012.6.15"]
[Round "-"]
[White "tatianamilu"]
[Black "jovelino"]
[Result "0-1"]
[WhiteElo "2067"]
[BlackElo "2243"]

1. d4 Nf6 2. c3 d5 3. f4 Bf5 4. Nf3 e6 5. e3 Be7 6. Be2 h6 7. Nbd2 Ng4 8. Nb3
Bh4+ 9. g3 Be7 10. Bd3 Bxd3 11. Qxd3 O-O 12. Bd2 Nd7 13. e4 dxe4 14. Qxe4 c6 15.
O-O Ngf6 16. Qc2 c5 17. Be3 Ng4 18. Qe2 Nxe3 19. Qxe3 cxd4 20. Nfxd4 Bf6 21.
Rad1 Qb6 22. Nc2 Qc7 23. h3 Rfd8 24. Kh2 Nb6 25. Qf2 Nc4 26. Ne3 Rxd1 27. Rxd1
Qb6 28. Re1 Rd8 0-1